Manual asignatura juvenil: compendio
Guardat en:
| Autor principal: | |
|---|---|
| Altres autors: | |
| Format: | Llibre |
| Idioma: | espanyol |
| Publicat: |
Santiago
Ministerio de Educación
2000
|
| Edició: | 1a. ed |
| Matèries: | |
| Etiquetes: |
Afegir etiqueta
Sense etiquetes, Sigues el primer a etiquetar aquest registre!
|
MARC
| LEADER | 00000nam a2200000 a 4500 | ||
|---|---|---|---|
| 001 | UCK2440 | ||
| 003 | CL-VaPUC | ||
| 008 | 050113e20000000CL |||||||||||||||||spa|d | ||
| 082 | 0 | 4 | |a 371.83 |b IRR |2 21 |
| 100 | |a Irrazabal Moya, Raúl |e autor |9 519730 | ||
| 700 | |a Oyarzún Chicuy, Astrid A. |e autora |9 745423 | ||
| 245 | 1 | 0 | |a Manual asignatura juvenil: compendio |
| 250 | |a 1a. ed | ||
| 300 | |a 250 p | ||
| 942 | |c BK | ||
| 945 | |d 20050113 00:00:00 |a vberengu | ||
| 260 | |a Santiago |b Ministerio de Educación |c 2000 | ||
| 650 | 7 | |a PARTICIPACION DEL ALUMNO |2 CL-VaPUC |9 339407 | |
| 650 | 0 | |a Sociología de la educación |9 260380 | |
| 650 | 0 | |a Integración social |9 319662 | |
| 650 | 0 | |a Juventud |9 271073 | |
| 583 | |a last modification |c 20050113 00:00:00 |k Rodrigo Vera | ||
| 999 | |c 311956 |d 311954 | ||
| 952 | |0 0 |1 0 |4 0 |6 371_830000000000000_IRR_2000 |7 0 |8 A |9 381717 |a BIBEDU |b BIBEDU |d 2019-11-21 |i 4092945 |o 371.83 IRR 2000 |p 4092945 |r 2019-11-21 |w 2019-11-21 |y BK |k EBA | ||
| 952 | |0 0 |1 0 |4 0 |6 371_830000000000000_IRR_2000 |7 0 |8 A |9 381718 |a BIBEDU |b BIBEDU |d 2019-11-21 |i 4092953 |o 371.83 IRR 2000 |p 4092953 |r 2019-11-21 |w 2019-11-21 |y BK |k EBA | ||